[Event "RSA-chT U20A"]
[Site "Boksburg"]
[Date "2018.12.17"]
[Round "3.3"]
[White "Mohale, Malema"]
[Black "Moremi, Thato"]
[Result "0-1"]
[WhiteElo "1131"]
[BlackElo "1659"]
[PlyCount "34"]
[EventDate "2018.12.16"]
[EventType "team-tourn"]
[EventRounds "7"]
[EventCountry "RSA"]
[SourceTitle "EXT 2020"]
[Source "ChessBase"]
[SourceDate "2019.10.17"]
[SourceVersion "1"]
[SourceVersionDate "2019.10.17"]
[SourceQuality "1"]
[WhiteTeam "Capricorn U20"]
[BlackTeam "Johannesburg Metro U20"]
[WhiteTeamCountry "RSA"]
[BlackTeamCountry "RSA"]

1. e4 e6 2. Nf3 d5 3. exd5 exd5 4. Be2 Nf6 5. d4 Bf5 6. Bd3 Ne4 7. Ng5 Be7 8. Nxe4 dxe4 9. Be2 0-0 10. Be3 Bg6 11. 0-0 f5 12. f3 f4 13. Bc1 e3 14. b3 Bh4 15. Bd3 Bxd3 16. Qxd3 e2 17. Qxe2 Qxd4+ 0-1